[Event "Bad Breisig Sen"]
[Site "?"]
[Date "2002.??.??"]
[Round "4"]
[White "Schumacher, Ursula"]
[Black "Dunkel, Horst"]
[Result "1/2-1/2"]
[WhiteElo "1526"]
[BlackElo "1703"]
[PlyCount "55"]
[EventDate "2002.??.??"]

1. c4 Nf6 2. Nc3 c5 3. Nf3 e6 4. g3 b6 5. Bg2 Bb7 6. d3 Be7 7. O-O O-O 8. b3
Nc6 9. Ne5 Qc8 10. Nxc6 Bxc6 11. e4 d6 12. Bb2 Qb7 13. Re1 Rfe8 14. Qc2 a5 15.
Rad1 Rad8 16. f3 e5 17. Qd2 Qc8 18. Ne2 Bd7 19. f4 exf4 20. Nxf4 Bg4 21. Rc1 h6
22. Qc3 Bf8 23. e5 dxe5 24. Rxe5 Rxe5 25. Qxe5 Re8 26. Qc3 Qd8 27. Re1 Bf5 28.
Rxe8 1/2-1/2

[Event "Bad Breisig Sen"]
[Site "?"]
[Date "2002.??.??"]
[Round "5"]
[White "Schneider, Miloca"]
[Black "Johannsen, Ingbert"]
[Result "0-1"]
[WhiteElo "2078"]
[BlackElo "1979"]
[PlyCount "86"]
[EventDate "2002.??.??"]

1. f4 e5 2. d3 Bc5 3. Nf3 d6 4. Nc3 a6 5. Ne4 Ba7 6. fxe5 dxe5 7. Bg5 Ne7 8.
Qd2 Nbc6 9. Bh4 Bf5 10. Nc3 Qd6 11. e4 Bg6 12. Bf2 Bxf2+ 13. Qxf2 Qb4 14. Qd2
O-O-O 15. O-O-O f6 16. g3 Bf7 17. Bh3+ Kb8 18. a3 Qa5 19. Nb1 Qc5 20. Nc3 b5
21. b4 Qb6 22. Kb2 a5 23. Na2 Kb7 24. c3 Rd6 25. Rhe1 Ra8 26. Ra1 axb4 27. axb4
Ra4 28. Nc1 Rxa1 29. Kxa1 Rd8 30. Qb2 Ra8+ 31. Kb1 Ra4 32. Re2 g5 33. Nd2 h5
34. Ndb3 Bxb3 35. Qxb3 g4 36. Bf1 Qa7 37. Na2 Qg1 38. Qd1 f5 39. Rg2 Qa7 40.
exf5 Nxf5 41. Qe2 Ne3 42. Rf2 Nd1 43. Rf6 Rxa2 0-1

[Event "Bad Breisig Sen"]
[Site "?"]
[Date "2002.??.??"]
[Round "5"]
[White "Schulz, Eckhard"]
[Black "Blutharsch, Walter"]
[Result "1-0"]
[WhiteElo "1855"]
[BlackElo "1789"]
[PlyCount "119"]
[EventDate "2002.??.??"]

1. d4 d5 2. c4 c6 3. Nf3 Nf6 4. Nc3 Bf5 5. Qb3 Bc8 6. Bf4 e6 7. e3 Be7 8. h3 h6
9. Bd3 O-O 10. Rc1 Nbd7 11. cxd5 Nxd5 12. Bg3 N7f6 13. e4 Nb6 14. O-O Nh7 15.
Rcd1 Ng5 16. Nxg5 Bxg5 17. Bb1 Bd7 18. Qc2 g6 19. e5 Nd5 20. Ne4 Kg7 21. a3 Be7
22. Qd2 Rh8 23. Ba2 Rc8 24. Rc1 Rf8 25. Rfe1 Rh8 26. Bh2 Rf8 27. Bb1 Be8 28.
Ba2 Rh8 29. Rf1 Bd7 30. Qd3 Qb6 31. Qd2 Be8 32. Nc5 Rb8 33. Qc2 Bg5 34. f4 Be7
35. Rf3 Bf8 36. Bg3 Be7 37. Bf2 Qd8 38. Ne4 Bd7 39. Bb1 Rg8 40. Qd2 Rc8 41. a4
Rh8 42. Kh2 Kf8 43. Rg1 b6 44. b4 a5 45. bxa5 bxa5 46. Ba2 Rb8 47. Rb1 Rxb1 48.
Bxb1 Qb6 49. Ba2 Ke8 50. Nc5 Bxc5 51. dxc5 Qb7 52. Bxd5 cxd5 53. Bd4 Rh7 54.
Rf2 Ke7 55. Qc3 Rh8 56. Rb2 Qa8 57. c6 Bxc6 58. Qc5+ Kd7 59. Qd6+ Kc8 60. Rc2
1-0

[Event "Bad Breisig Sen"]
[Site "?"]
[Date "2002.??.??"]
[Round "5"]
[White "Struwecker, Sigurd"]
[Black "Wild, Gerhard"]
[Result "0-1"]
[WhiteElo "1700"]
[BlackElo "1974"]
[PlyCount "122"]
[EventDate "2002.??.??"]

1. Nf3 d5 2. d4 Nf6 3. c4 c6 4. Nc3 e6 5. Bg5 Be7 6. e3 Nbd7 7. cxd5 exd5 8.
Bd3 O-O 9. O-O Re8 10. Qc2 h6 11. Bh4 Ne4 12. Bxe7 Qxe7 13. Nd2 Ndf6 14. Ndxe4
dxe4 15. Be2 Bf5 16. Rad1 Rad8 17. Qb3 a6 18. Qb6 g6 19. Na4 Nd5 20. Qa5 Kg7
21. Rc1 h5 22. a3 Bc8 23. Rc2 f5 24. Rfc1 Kh6 25. Nb6 Qc7 26. Nc4 Qe7 27. Nb6
Nxb6 28. Qxb6 Rf8 29. Rc5 Qd6 30. Re5 Rf6 31. Qc5 Qxc5 32. Rcxc5 Rfd6 33. b4
Be6 34. Rc1 Bd5 35. Bc4 R8d7 36. Bxd5 Rxd5 37. Rc5 Rxe5 38. Rxe5 Kg7 39. Re8
Kf7 40. Rb8 Ke6 41. Rg8 Kf6 42. h4 Kf7 43. Rh8 Kf6 44. Rf8+ Ke6 45. Rg8 Kd5 46.
Rxg6 Kc4 47. Rg5 Rf7 48. Rxh5 Kb3 49. Rg5 Kxa3 50. h5 Kxb4 51. g4 fxg4 52. Rxg4
a5 53. Rxe4 Kb3 54. Re8 a4 55. Ra8 a3 56. d5 cxd5 57. Ra5 Kb4 58. Ra7 Kb3 59.
Ra5 a2 60. Kg2 b5 61. f4 b4 0-1

[Event "Bad Breisig Sen"]
[Site "?"]
[Date "2002.??.??"]
[Round "5"]
[White "Marzluf, Dieter"]
[Black "Kahler, Kurt"]
[Result "1-0"]
[WhiteElo "1831"]
[BlackElo "1676"]
[PlyCount "44"]
[EventDate "2002.??.??"]

1. d4 Nf6 2. Bg5 e6 3. e4 Be7 4. Bxf6 Bxf6 5. e5 Be7 6. Qg4 O-O 7. Bd3 d6 8.
Qe4 g6 9. Nc3 d5 10. Qf3 c5 11. dxc5 Bxc5 12. Nge2 Nc6 13. Qg3 a6 14. h4 Qc7
15. f4 Nb4 16. h5 Nxd3+ 17. Qxd3 b5 18. hxg6 fxg6 19. O-O-O Rf7 20. Rh2 Bd7 21.
Rdh1 Be8 22. Qxg6+ hxg6 1-0

[Event "Bad Breisig Sen"]
[Site "?"]
[Date "2002.??.??"]
[Round "5"]
[White "Homes, Helmut"]
[Black "Alicke, Manfred"]
[Result "1-0"]
[WhiteElo "1795"]
[BlackElo "1598"]
[PlyCount "109"]
[EventDate "2002.??.??"]

1. e4 c5 2. Nc3 e5 3. g3 Nf6 4. Bg2 Nc6 5. d3 h6 6. f4 d6 7. Nf3 Bg4 8. O-O Nd4
9. Ne2 Nxe2+ 10. Qxe2 Qd7 11. Qe1 Bh3 12. fxe5 Bxg2 13. Kxg2 dxe5 14. Nxe5 Qe6
15. Nc4 b5 16. Ne3 a5 17. b3 Be7 18. Bb2 Ra7 19. Nf5 Bf8 20. Qe2 Rh7 21. Rae1
Rb7 22. Qf3 Rd7 23. Bxf6 gxf6 24. Ne3 Bg7 25. Nd5 Kf8 26. Nxf6 Bxf6 27. Qxf6
Qxf6 28. Rxf6 c4 29. bxc4 bxc4 30. dxc4 Rc7 31. e5 Rxc4 32. e6 Rxc2+ 33. Kh3
Rc7 34. Re5 a4 35. Ra5 Ke7 36. Rxf7+ Kxe6 37. Rxh7 Rxh7 38. Rxa4 Kd5 39. Kg4
Re7 40. Kh5 Re2 41. h4 Re6 42. g4 Kc5 43. g5 hxg5 44. hxg5 Kb5 45. Rg4 Re5 46.
Kh6 Kc6 47. g6 Re6 48. Kh7 Re2 49. g7 Rh2+ 50. Kg6 Rxa2 51. g8=Q Ra6 52. Kf5
Ra5+ 53. Ke6 Ra6 54. Qc8+ Kb5+ 55. Kd5 1-0

[Event "Bad Breisig Sen"]
[Site "?"]
[Date "2002.??.??"]
[Round "5"]
[White "Oser, Thor"]
[Black "Dziomba, Armin"]
[Result "1-0"]
[WhiteElo "1684"]
[BlackElo "1673"]
[PlyCount "77"]
[EventDate "2002.??.??"]

1. e4 g6 2. d4 Bg7 3. c3 d6 4. Nf3 Nf6 5. Bd3 O-O 6. h3 Nbd7 7. O-O e5 8. Qc2
Nh5 9. Bg5 f6 10. Bh4 Kh8 11. g4 Nf4 12. Kh2 g5 13. Bg3 Qe8 14. Bxf4 gxf4 15.
Nh4 Nb6 16. Nf5 Bxf5 17. exf5 Bh6 18. f3 Nd5 19. Qf2 b6 20. Be4 c6 21. Bxd5
cxd5 22. Re1 Qc6 23. Na3 Rae8 24. Rad1 e4 25. Qf1 Rf7 26. Rd2 exf3 27. Rxe8+
Qxe8 28. Qxf3 Qe3 29. Qxe3 fxe3 30. Re2 Re7 31. Kg2 a6 32. Nc2 Re4 33. Nb4 a5
34. Nxd5 Bg5 35. Kf3 Re8 36. Nxe3 Rxe3+ 37. Rxe3 Bxe3 38. Kxe3 d5 39. a4 1-0

[Event "Bad Breisig Sen"]
[Site "?"]
[Date "2002.??.??"]
[Round "5"]
[White "Suess, Horst"]
[Black "Schumacher, Ursula"]
[Result "1-0"]
[WhiteElo "1450"]
[BlackElo "1526"]
[PlyCount "129"]
[EventDate "2002.??.??"]

1. e4 c6 2. d4 d5 3. Nc3 dxe4 4. Nxe4 Bf5 5. Ng3 Bg6 6. c3 e6 7. Nf3 Nd7 8. Be2
h6 9. O-O Bd6 10. Re1 Ngf6 11. Bc4 Nd5 12. Bb3 O-O 13. Ne5 Nxe5 14. dxe5 Bc5
15. Qe2 Qh4 16. Bxd5 cxd5 17. Be3 Rac8 18. Qb5 b6 19. Qa6 Qe7 20. Rac1 Rc7 21.
Nf1 f6 22. Bxc5 Rxc5 23. Qe2 fxe5 24. Qxe5 Qf6 25. Qxe6+ Kh7 26. Qxf6 Rxf6 27.
Nd2 Rc7 28. Nb3 Rcf7 29. f3 Rd7 30. Nd4 Bf7 31. Re5 a6 32. Rce1 Rdd6 33. Nf5
Rde6 34. Rxe6 Rxe6 35. Rxe6 Bxe6 36. Nd4 Bf7 37. h4 Kg6 38. f4 Kf6 39. Kf2 Bh5
40. g3 Bg4 41. Ke3 h5 42. b4 Bd7 43. Nf3 Kf5 44. Ne5 Be6 45. a3 b5 46. Kd4 Kf6
47. Nd3 Kf5 48. Nf2 g6 49. Kc5 Kf6 50. Nd1 Kf5 51. Kd6 Bf7 52. Nf2 Be6 53. Kc5
Kf6 54. Kd4 Kf5 55. Ke3 Kf6 56. Kf3 Bf5 57. g4 hxg4+ 58. Nxg4+ Ke6 59. Ne5 Be4+
60. Ke3 Bf5 61. Kd4 Kd6 62. Nf7+ Kc6 63. Ke5 Be4 64. Kf6 Bf5 65. Ne5+ 1-0

[Event "Bad Breisig Sen"]
[Site "?"]
[Date "2002.??.??"]
[Round "5"]
[White "Dunkel, Horst"]
[Black "Rogowski, Walter"]
[Result "1-0"]
[WhiteElo "1703"]
[BlackElo "1556"]
[PlyCount "93"]
[EventDate "2002.??.??"]

1. Nf3 f5 2. d4 d5 3. e3 Nf6 4. c4 c6 5. Nc3 e6 6. cxd5 cxd5 7. Bb5+ Bd7 8.
Bxd7+ Nbxd7 9. Bd2 a6 10. a3 Bd6 11. Rc1 Rc8 12. O-O O-O 13. b4 Nb6 14. Qb3 Nc4
15. Rfd1 Qc7 16. Be1 b5 17. g3 h6 18. Ne2 g5 19. Kg2 Qg7 20. Kh1 h5 21. h4 Ne4
22. hxg5 Nxg5 23. Nh4 Ne4 24. Nf4 Bxf4 25. exf4 Qg4 26. Kg2 Rc7 27. f3 Ned2 28.
Bxd2 Qg7 29. Be3 Kh7 30. Bf2 Rfc8 31. Qd3 Nb2 32. Rxc7 Rxc7 33. Qd2 Nxd1 34.
Qxd1 Qg8 35. Qe1 Qg7 36. Qxe6 Qf7 37. Qxa6 Rc2 38. Qxb5 Qe6 39. Qb7+ Kg8 40.
Qb8+ Kf7 41. Qb7+ Kg8 42. Qb5 Kf7 43. a4 Kf6 44. a5 Qe1 45. Qa6+ Kf7 46. Qg6+
Kf8 47. Qxf5+ 1-0

[Event "Bad Breisig Sen"]
[Site "?"]
[Date "2002.??.??"]
[Round "5"]
[White "Jakubowski, Karl"]
[Black "Vogel, Gerhard"]
[Result "1/2-1/2"]
[WhiteElo "1391"]
[BlackElo "1354"]
[PlyCount "91"]
[EventDate "2002.??.??"]

1. c4 e5 2. d3 Nf6 3. Nc3 Bc5 4. Nf3 d6 5. g3 O-O 6. Bg2 a6 7. O-O c6 8. a3 Ba7
9. Bg5 Nbd7 10. Ne4 h6 11. Nxf6+ Nxf6 12. Bd2 Ng4 13. e3 Nf6 14. Bc3 Bg4 15.
Qe1 Bf5 16. Qd2 Re8 17. Ne1 Qb6 18. b4 Ng4 19. d4 e4 20. Qe2 Qd8 21. Bh3 Nxe3
22. fxe3 Bxh3 23. Rf2 d5 24. Qh5 Be6 25. c5 Rf8 26. Ng2 Bb8 27. Raf1 Qg5 28.
Qxg5 hxg5 29. Be1 Bg4 30. Rb2 Bf3 31. h4 f6 32. a4 Bc7 33. Bf2 g6 34. Ne1 g4
35. Nxf3 gxf3 36. Kh2 Kg7 37. Rh1 Rh8 38. Kg1 Rh7 39. Be1 Rah8 40. Rbh2 Kf7 41.
Kf1 Bd8 42. a5 Rh5 43. Bf2 g5 44. Rh3 gxh4 45. gxh4 R8h6 46. Bg3 1/2-1/2

[Event "Bad Breisig Sen"]
[Site "?"]
[Date "2002.??.??"]
[Round "6"]
[White "Johannsen, Ingbert"]
[Black "Schulz, Eckhard"]
[Result "1-0"]
[WhiteElo "1979"]
[BlackElo "1855"]
[PlyCount "57"]
[EventDate "2002.??.??"]

1. e4 c6 2. d3 d5 3. f3 e5 4. g3 g6 5. Qe2 d4 6. Nh3 Bg7 7. Bg2 Ne7 8. O-O O-O
9. f4 Na6 10. fxe5 Bxe5 11. Bh6 Bg7 12. Bxg7 Kxg7 13. Nd2 f5 14. Nf4 Nc7 15.
Rae1 fxe4 16. dxe4 Ne6 17. Nd3 Ng8 18. Rf2 Bd7 19. Ref1 Qe7 20. Nf3 c5 21. Nde5
Rae8 22. Nxd7 Qxd7 23. Bh3 h6 24. Ne5 Qe7 25. Rf7+ Rxf7 26. Rxf7+ Qxf7 27. Nxf7
Kxf7 28. Qb5 b6 29. Qd7+ 1-0

[Event "Bad Breisig Sen"]
[Site "?"]
[Date "2002.??.??"]
[Round "6"]
[White "Marzluf, Dieter"]
[Black "Homes, Helmut"]
[Result "1-0"]
[WhiteElo "1831"]
[BlackElo "1795"]
[PlyCount "23"]
[EventDate "2002.??.??"]

1. d4 Nf6 2. Bg5 e6 3. e4 Be7 4. Bxf6 Bxf6 5. e5 Be7 6. Qg4 O-O 7. Bd3 d6 8.
Nd2 Nd7 9. f4 b6 10. Ngf3 dxe5 11. fxe5 c5 12. Qe4 1-0

[Event "Bad Breisig Sen"]
[Site "?"]
[Date "2002.??.??"]
[Round "6"]
[White "Philipp, Guenther"]
[Black "Oser, Thor"]
[Result "0-1"]
[WhiteElo "1703"]
[BlackElo "1684"]
[PlyCount "69"]
[EventDate "2002.??.??"]

1. d4 d5 2. Nf3 e6 3. Bf4 Nf6 4. e3 c6 5. c3 Bd6 6. Ne5 Qc7 7. Nd2 Nbd7 8. Nxd7
Nxd7 9. Qg4 g6 10. Bh6 e5 11. dxe5 Nxe5 12. Qd4 f6 13. Be2 Qe7 14. Nb3 Be6 15.
Bf4 O-O 16. O-O b6 17. Rad1 c5 18. Qd2 Rad8 19. Bh6 Rf7 20. h3 Bc7 21. Qc1 Qe8
22. Nd2 Qa4 23. Nf3 Qxa2 24. Qc2 Nxf3+ 25. Bxf3 Qc4 26. Qd2 Qh4 27. e4 Rfd7 28.
Bg4 Bxg4 29. hxg4 g5 30. f4 Qxh6 31. g3 Qg6 32. f5 Qf7 33. Qe2 dxe4 34. Rxd7
Rxd7 35. Qxe4 0-1

[Event "Bad Breisig Sen"]
[Site "?"]
[Date "2002.??.??"]
[Round "6"]
[White "Dunkel, Horst"]
[Black "Struwecker, Sigurd"]
[Result "1/2-1/2"]
[WhiteElo "1703"]
[BlackElo "1700"]
[PlyCount "116"]
[EventDate "2002.??.??"]

1. d4 Nf6 2. Nf3 d5 3. e3 e6 4. c4 c6 5. Nc3 c5 6. dxc5 Bxc5 7. cxd5 exd5 8.
Bb5+ Nc6 9. O-O O-O 10. Bd2 d4 11. exd4 Nxd4 12. Nxd4 Bxd4 13. Rc1 Qb6 14. Be2
Be6 15. Na4 Qd6 16. Be3 Rfd8 17. Bxd4 Qxd4 18. Qxd4 Rxd4 19. Nc3 Rd2 20. Bf3
Rxb2 21. Rb1 Rxb1 22. Rxb1 Rb8 23. a3 b6 24. Nb5 a6 25. Nc7 Bc8 26. Rd1 Kf8 27.
Rd8+ Ke7 28. Nxa6 Kxd8 29. Nxb8 Kc7 30. Nc6 Bb7 31. Ne5 Bxf3 32. Nxf3 Kd6 33.
Kf1 Kc5 34. Ke2 Kc4 35. Ne5+ Kb3 36. Nxf7 Kxa3 37. Nd6 Kb3 38. h3 Nd5 39. g3
Nc3+ 40. Kd3 b5 41. f4 b4 42. f5 Nd5 43. Kd4 Nf6 44. g4 h6 45. Ke5 Kc2 46. Nb5
Kd3 47. Nd4 Kc4 48. Nc6 Nd5 49. Nxb4 Nxb4 50. Ke6 Nd5 51. Kf7 Nf4 52. Kxg7 h5
53. gxh5 Nxh5+ 54. Kh6 Nf4 55. f6 Ne6 56. Kg6 Nf4+ 57. Kg5 Ne6+ 58. Kg6 Nf4+
1/2-1/2

[Event "Bad Breisig Sen"]
[Site "?"]
[Date "2002.??.??"]
[Round "6"]
[White "Kahler, Kurt"]
[Black "Ruppelt, Guenther"]
[Result "1-0"]
[WhiteElo "1676"]
[BlackElo "1542"]
[PlyCount "49"]
[EventDate "2002.??.??"]

1. e4 g6 2. d4 Bg7 3. f4 d6 4. Nf3 c6 5. Bc4 e6 6. c3 d5 7. Bd3 dxe4 8. Bxe4
Nf6 9. Bc2 Qd5 10. Nbd2 Na6 11. Qe2 O-O 12. Ne4 Nxe4 13. Bxe4 Qd8 14. h4 h5 15.
Ne5 Nc7 16. g4 Bxe5 17. fxe5 f5 18. gxh5 Kf7 19. hxg6+ Kg7 20. Bf3 f4 21. Qg2
Nd5 22. h5 Kh6 23. g7 Kh7 24. Qg6+ Kg8 25. h6 1-0

[Event "Bad Breisig Sen"]
[Site "?"]
[Date "2002.??.??"]
[Round "6"]
[White "Alicke, Manfred"]
[Black "Suess, Horst"]
[Result "1-0"]
[WhiteElo "1598"]
[BlackElo "1450"]
[PlyCount "81"]
[EventDate "2002.??.??"]

1. e4 e5 2. Nf3 Nc6 3. Bc4 Bc5 4. O-O Nf6 5. d3 d6 6. c3 O-O 7. Bg5 h6 8. Bh4
Bg4 9. a4 a5 10. Nbd2 Nb8 11. h3 Be6 12. Bxe6 fxe6 13. Qb3 Qc8 14. d4 exd4 15.
cxd4 Bb6 16. Rac1 Nc6 17. d5 exd5 18. exd5 Nb4 19. Nc4 Bc5 20. Rcd1 Kh8 21. Ne3
Nh5 22. Nd4 Nf4 23. Kh2 Qe8 24. Bg3 Bxd4 25. Rxd4 Ne2 26. Rdd1 Qh5 27. Qc4 Nxg3
28. fxg3 Rfe8 29. Nc2 Na6 30. Rde1 Nc5 31. Na3 Rxe1 32. Rxe1 Qf7 33. Nb5 Rd8
34. Rf1 Qe7 35. Nc3 Re8 36. Rf2 Qg5 37. Qb5 Re3 38. Ne2 Rb3 39. Qe8+ Kh7 40.
Rf8 g6 41. Qf7# 1-0

[Event "Bad Breisig Sen"]
[Site "?"]
[Date "2002.??.??"]
[Round "6"]
[White "Schumacher, Ursula"]
[Black "Jakubowski, Karl"]
[Result "1-0"]
[WhiteElo "1526"]
[BlackElo "1391"]
[PlyCount "69"]
[EventDate "2002.??.??"]

1. c4 e5 2. Nc3 Nf6 3. g3 Bc5 4. e3 Bb4 5. Nge2 d6 6. Bg2 c6 7. O-O O-O 8. d4
Bg4 9. Qc2 Qc8 10. Re1 Bf5 11. e4 Bg6 12. a3 Ba5 13. b4 Bc7 14. Bb2 Nbd7 15. d5
Bb6 16. Na4 cxd5 17. Nxb6 Nxb6 18. c5 Nbd7 19. f3 d4 20. Bh3 Qc6 21. Rac1 d5
22. Bf5 dxe4 23. fxe4 Bxf5 24. exf5 Ng4 25. Qd2 Ndf6 26. Nxd4 exd4 27. Qxd4
Rad8 28. Qf4 Rd2 29. Qxd2 Qf3 30. Bxf6 Nxf6 31. Rc3 Qxf5 32. Rce3 g6 33. Qd3
Qh3 34. Qf1 Qg4 35. Qxf6 1-0

[Event "Bad Breisig Sen"]
[Site "?"]
[Date "2002.??.??"]
[Round "6"]
[White "Rogowski, Walter"]
[Black "Dziomba, Armin"]
[Result "0-1"]
[WhiteElo "1556"]
[BlackElo "1673"]
[PlyCount "104"]
[EventDate "2002.??.??"]

1. e4 c5 2. Nc3 Nc6 3. f4 d6 4. Nf3 g6 5. Bc4 Bg7 6. O-O e6 7. Qe1 Nge7 8. Kh1
Nd4 9. Nxd4 cxd4 10. Ne2 Bd7 11. Qf2 Nc6 12. e5 d5 13. Bb5 d3 14. Bxd3 a6 15.
c3 O-O 16. Bc2 f5 17. exf6 Qxf6 18. d4 h5 19. Qg3 Ne7 20. Bd2 Bb5 21. Qf3 Rf7
22. a4 Bc6 23. g4 Qh4 24. Rg1 Kh8 25. Be1 hxg4 26. Rxg4 Qh7 27. Qg2 Rf5 28.
Bxf5 exf5 29. Rh4 Bh6 30. Bd2 Kg7 31. Rg1 Kf7 32. Qg5 Rh8 33. Qg2 Qg7 34. b3 b5
35. a5 b4 36. cxb4 Bb5 37. Nc3 Bd3 38. Qf2 Rc8 39. Rg3 Bc2 40. Rgh3 Ng8 41. Kg1
Bxb3 42. Qg2 Qxd4+ 43. Qf2 Bg7 44. Ne2 Qxd2 45. Rd3 Qxb4 46. Qa7+ Ne7 47. Re3
Qe1+ 48. Kg2 Qxh4 49. Qxa6 Bc4 50. Qe6+ Kf8 51. Rh3 Qg4+ 52. Ng3 Bf1+ 0-1

[Event "Bad Breisig Sen"]
[Site "?"]
[Date "2002.??.??"]
[Round "7"]
[White "Wild, Gerhard"]
[Black "Johannsen, Ingbert"]
[Result "1-0"]
[WhiteElo "1974"]
[BlackElo "1979"]
[PlyCount "105"]
[EventDate "2002.??.??"]

1. d4 e6 2. c4 Nf6 3. Nc3 d5 4. Nf3 Be7 5. e3 Nbd7 6. Bd3 O-O 7. O-O b6 8. cxd5
exd5 9. Ne5 Bb7 10. Nxd7 Qxd7 11. Qc2 c5 12. b3 c4 13. Bf5 Qc6 14. bxc4 dxc4
15. e4 g6 16. d5 Qe8 17. Bh3 Bd6 18. Bh6 Qe5 19. g3 Qh5 20. Bxf8 Rxf8 21. Bg2
Ng4 22. h3 Ne5 23. Qe2 Qh6 24. f4 Bc5+ 25. Kh2 Nd3 26. Rad1 Ba6 27. a4 f6 28.
Nb5 Qg7 29. Rxd3 cxd3 30. Qxd3 Qd7 31. h4 Bc8 32. Qc4 a6 33. Nc3 Qd6 34. Rb1 g5
35. e5 fxe5 36. Ne4 Qg6 37. fxg5 Rf2 38. Re1 Rb2 39. Nf6+ Kg7 40. d6 Kh8 41. d7
Bxd7 42. Nxd7 Qc6 43. Qe4 Qxd7 44. Qxe5+ Qg7 45. Qb8+ Bf8 46. Re8 Kg8 47. Kh3
Qd7+ 48. Kh2 Qf5 49. Qb7 a5 50. Qa8 Qc5 51. Rc8 Qf5 52. Qc6 Kg7 53. Qc3+ 1-0

[Event "Bad Breisig Sen"]
[Site "?"]
[Date "2002.??.??"]
[Round "7"]
[White "Peters, Paul"]
[Black "Marzluf, Dieter"]
[Result "1-0"]
[WhiteElo "2090"]
[BlackElo "1831"]
[PlyCount "147"]
[EventDate "2002.??.??"]

1. Nc3 e6 2. Nf3 d5 3. d4 c5 4. e3 Nc6 5. g3 Nf6 6. Bg2 Bd7 7. O-O Be7 8. Re1
cxd4 9. exd4 O-O 10. a3 Rc8 11. Bg5 h6 12. Bxf6 Bxf6 13. Ne2 Qc7 14. Rc1 b5 15.
b4 a5 16. c3 a4 17. Nf4 Qd6 18. Nd3 Na7 19. Qe2 Rc7 20. Nfe5 Bxe5 21. Qxe5 Qxe5
22. Rxe5 Nc8 23. Nc5 Nd6 24. Bf1 Rfc8 25. Re3 Kf8 26. Bd3 Kg8 27. Rce1 Nc4 28.
Bxc4 dxc4 29. Nxd7 Rxd7 30. Re5 Rb7 31. f4 g6 32. Kf2 Kg7 33. Kf3 Rb6 34. g4
Rcc6 35. Rc5 Kf8 36. h4 f6 37. g5 Kg7 38. gxf6+ Kxf6 39. Rxc6 Rxc6 40. Re5 Rb6
41. Ke4 Rb8 42. Rc5 Rb6 43. Kf3 Rb8 44. Re5 Rb6 45. h5 gxh5 46. Rxh5 Kg6 47.
Re5 Kf6 48. Kg4 Rb8 49. Kf3 Rb6 50. Ke4 Rb8 51. f5 exf5+ 52. Rxf5+ Kg6 53. Re5
h5 54. d5 h4 55. d6 Rd8 56. Kd5 h3 57. Re3 Rh8 58. Re1 h2 59. Rh1 Kf5 60. d7
Kg4 61. Kc6 Kg3 62. Kc7 Kg2 63. Rxh2+ Kxh2 64. d8=Q Rxd8 65. Kxd8 Kg3 66. Kc7
Kf3 67. Kc6 Ke3 68. Kxb5 Kd3 69. Kxa4 Kxc3 70. b5 Kd2 71. b6 c3 72. b7 c2 73.
b8=Q c1=Q 74. Qf4+ 1-0

[Event "Bad Breisig Sen"]
[Site "?"]
[Date "2002.??.??"]
[Round "7"]
[White "Schulz, Eckhard"]
[Black "Oser, Thor"]
[Result "1-0"]
[WhiteElo "1855"]
[BlackElo "1684"]
[PlyCount "113"]
[EventDate "2002.??.??"]

1. d4 d5 2. c4 e6 3. Nc3 c6 4. e3 Nf6 5. Nf3 Bd6 6. Bd3 h6 7. O-O Nbd7 8. e4
dxe4 9. Nxe4 Nxe4 10. Bxe4 O-O 11. Bc2 Re8 12. Qd3 Nf8 13. Re1 f5 14. Bd2 b6
15. Bc3 a5 16. Qd2 Ra7 17. Qe3 Rae7 18. Rad1 Bb4 19. Ne5 Qc7 20. c5 Bxc3 21.
Qxc3 b5 22. a3 Kh7 23. b4 a4 24. Qf3 Bb7 25. Qe2 g6 26. Bb1 Nd7 27. f4 Nf6 28.
Ba2 Ne4 29. Qe3 Rg8 30. Bb1 Nf6 31. Rd3 h5 32. h3 Reg7 33. Nf3 Re7 34. Ng5+ Kh6
35. Qe5 Qxe5 36. Rxe5 Rge8 37. Ba2 Nd5 38. Bxd5 exd5 39. Rde3 Rxe5 40. Nf7+ Kg7
41. Nxe5 Re6 42. Kf2 Ba8 43. Kg3 Bb7 44. Kh4 Bc8 45. Kg5 Bd7 46. Rd3 Be8 47.
Rd1 Re7 48. Rh1 Re6 49. g4 hxg4 50. hxg4 fxg4 51. Kxg4 Rf6 52. Re1 Re6 53. Kg5
Rf6 54. Rh1 Re6 55. Rh2 Rf6 56. Rh7+ Kxh7 57. Kxf6 1-0

[Event "Bad Breisig Sen"]
[Site "?"]
[Date "2002.??.??"]
[Round "7"]
[White "Schneider, Miloca"]
[Black "Kahler, Kurt"]
[Result "0-1"]
[WhiteElo "2078"]
[BlackElo "1676"]
[PlyCount "90"]
[EventDate "2002.??.??"]

1. d4 f5 2. c4 g6 3. Nc3 Bg7 4. g3 e6 5. Nf3 d6 6. Bg2 Nf6 7. O-O O-O 8. b3 Re8
9. Qc2 d5 10. cxd5 exd5 11. Ba3 c6 12. Rad1 Nbd7 13. Ne1 Ne4 14. Nxe4 fxe4 15.
e3 Nf6 16. b4 a6 17. Bc1 Bf5 18. Qb3 h5 19. f3 Qd7 20. fxe4 Nxe4 21. Nd3 b6 22.
a4 Bh3 23. b5 Bxg2 24. bxc6 Qh3 25. Nf4 Bxf1 26. Qxd5+ Kh7 27. Nxh3 Bxh3 28. c7
Nc3 29. Qb3 Nxd1 30. Qxd1 Rf8 31. d5 Rf1+ 32. Qxf1 Bxf1 33. Kxf1 Be5 34. Ba3
Bxc7 35. d6 Bd8 36. Ke2 Kg7 37. e4 Kf7 38. Kd3 Rc8 39. Bb2 Ke6 40. e5 b5 41.
axb5 axb5 42. Bd4 b4 43. Bb2 g5 44. Kd4 g4 45. Ke4 Rc2 0-1

[Event "Bad Breisig Sen"]
[Site "?"]
[Date "2002.??.??"]
[Round "7"]
[White "Struwecker, Sigurd"]
[Black "Blutharsch, Walter"]
[Result "0-1"]
[WhiteElo "1700"]
[BlackElo "1789"]
[PlyCount "56"]
[EventDate "2002.??.??"]

1. d4 d5 2. c4 c6 3. Nc3 Nf6 4. Nf3 h6 5. h3 Bf5 6. Bf4 e6 7. e3 Bb4 8. a3
Bxc3+ 9. bxc3 Ne4 10. Qb3 O-O 11. Rc1 Qc8 12. Be2 Nd7 13. O-O Ndf6 14. Rfd1 Re8
15. g4 Bh7 16. g5 hxg5 17. Bxg5 e5 18. Kg2 Qf5 19. Bxf6 gxf6 20. Rh1 Kh8 21.
Rcg1 Rg8+ 22. Kf1 Rxg1+ 23. Rxg1 Bg6 24. Rg2 Qxf3 25. Bxf3 Nd2+ 26. Ke2 Nxb3
27. cxd5 e4 28. Rxg6 exf3+ 0-1

[Event "Bad Breisig Sen"]
[Site "?"]
[Date "2002.??.??"]
[Round "7"]
[White "Homes, Helmut"]
[Black "Philipp, Guenther"]
[Result "1/2-1/2"]
[WhiteElo "1795"]
[BlackElo "1703"]
[PlyCount "108"]
[EventDate "2002.??.??"]

1. e4 d5 2. exd5 Qxd5 3. Nc3 Qa5 4. d4 c6 5. Nf3 Nf6 6. Bd2 Qc7 7. Bc4 Bg4 8.
h3 Bh5 9. O-O e6 10. Re1 Be7 11. Qe2 Bxf3 12. Qxf3 O-O 13. b3 Nbd7 14. Bg5 Bb4
15. Re2 Qa5 16. Bd2 Nb6 17. Bd3 Kh8 18. Ne4 Nbd7 19. Nxf6 Nxf6 20. Re5 Qb6 21.
Bg5 Nd7 22. Re4 Bc3 23. Rh4 g6 24. Bf6+ Nxf6 25. Qxf6+ Kg8 26. Rd1 Qd8 27. Qf4
f5 28. Bc4 Qf6 29. Rd3 Bb4 30. Re3 Rae8 31. c3 Ba5 32. Qh6 Qg7 33. Rxe6 Rxe6
34. Bxe6+ Kh8 35. Qxg7+ Kxg7 36. b4 Bd8 37. Rf4 Bg5 38. Rf3 Re8 39. Bc4 Re1+
40. Kh2 Rc1 41. Rd3 Be7 42. g3 Bxb4 43. cxb4 Rxc4 44. a3 Kf7 45. d5 cxd5 46.
Rxd5 Rc7 47. Kg2 Ke6 48. Rd3 Ke5 49. Kf3 g5 50. Ke3 h5 51. f4+ gxf4+ 52. gxf4+
Ke6 53. Kf3 h4 54. Re3+ Kf6 1/2-1/2

[Event "Bad Breisig Sen"]
[Site "?"]
[Date "2002.??.??"]
[Round "7"]
[White "Alicke, Manfred"]
[Black "Dunkel, Horst"]
[Result "1/2-1/2"]
[WhiteElo "1598"]
[BlackElo "1703"]
[PlyCount "106"]
[EventDate "2002.??.??"]

1. d4 Nf6 2. c4 e6 3. Nf3 b6 4. Nc3 Bb7 5. e3 Bb4 6. Bd3 O-O 7. O-O Bxc3 8.
bxc3 d6 9. Re1 Nbd7 10. e4 e5 11. Bg5 Re8 12. h3 Nf8 13. d5 Ng6 14. Qd2 Bc8 15.
Nh2 h6 16. Be3 Nh5 17. Be2 Nhf4 18. Bf1 Bd7 19. a4 a5 20. Ra2 Qg5 21. Kh1 Qf6
22. f3 Nh5 23. Qf2 Qh4 24. Qxh4 Nxh4 25. g4 Ng3+ 26. Kg1 Nxf1 27. Kxf1 Rab8 28.
Rb1 f6 29. Kf2 Kf7 30. Kg3 g5 31. Nf1 Rh8 32. Nd2 Ng6 33. Rbb2 h5 34. Nb1 h4+
35. Kf2 Bc8 36. Na3 Ke7 37. Ke2 Kd7 38. Kd3 Ba6 39. Rb3 Rb7 40. Rab2 Rhb8 41.
Nb5 Ke8 42. Na3 Kd7 43. Kd2 Kd8 44. Nb5 Kd7 45. Na3 Kd8 46. Kd3 Kd7 47. Kd2 Kd8
48. Kd3 Kd7 49. Rf2 Re8 50. Kd2 Rf8 51. Rb2 Re8 52. Kc2 Rf8 53. Kd3 Re8 1/2-1/2

[Event "Bad Breisig Sen"]
[Site "?"]
[Date "2002.??.??"]
[Round "7"]
[White "Dziomba, Armin"]
[Black "Schumacher, Ursula"]
[Result "0-1"]
[WhiteElo "1673"]
[BlackElo "1526"]
[PlyCount "114"]
[EventDate "2002.??.??"]

1. e4 c6 2. d4 d5 3. e5 Bf5 4. Bd3 Bxd3 5. Qxd3 e6 6. Nf3 Nd7 7. O-O Ne7 8. Bg5
Qc7 9. Nbd2 c5 10. c3 Nc6 11. Rac1 Qb6 12. b3 h6 13. Be3 Be7 14. Kh1 a5 15. Ng1
a4 16. f4 O-O 17. f5 exf5 18. Rxf5 axb3 19. axb3 Nd8 20. Rff1 Ne6 21. Ngf3 Ra2
22. dxc5 Bxc5 23. Bxc5 Ndxc5 24. Qe3 Qa7 25. Nd4 Qa6 26. b4 Qd3 27. Qxd3 Nxd3
28. Nxe6 fxe6 29. Rxf8+ Kxf8 30. Rf1+ Ke7 31. Nf3 Rc2 32. Kg1 Rxc3 33. Rb1 Rc4
34. Rd1 Nxb4 35. Rb1 Kd7 36. Nd2 Rd4 37. Nb3 Rf4 38. Nc5+ Ke7 39. Nxb7 Nc6 40.
Nc5 Nxe5 41. Re1 Rc4 42. Nb3 Kd6 43. Rd1 Rc3 44. Nc1 h5 45. Ne2 Rd3 46. Re1 Re3
47. Kf1 Nd3 48. Rd1 e5 49. Ng3 g6 50. Ne2 d4 51. Ng1 Kd5 52. Nh3 Kc4 53. Nf2
Nxf2 54. Kxf2 e4 55. Ra1 Rb3 56. Ra2 Kc3 57. Ke2 Rb2+ 0-1